00675 a2200229 4500260001000000440000700010260002300017245004600040300001100086700001700097700003400114650004300148650003300191260000900224300005300233130000600286440001600292035001000308500009500318020001800413440001400431 aParis n23 bEditions de l'IRD) aDu bon usage des ressources renouvelables a471 p. aGILLON, Yves aCHABOUD, Christian [et al...] aRessources naturelles et renouvelables aDéveloppement économique c2000 bill. (part. en coul, fig., cartes, tabl. ; 25 cm lF a(Latitudes) a13228 aRésumés en anglais et en espagnol. - Comprend un index. - Bibliographie : pp. 399-428 a2-7099-1458-1 x1278-348X